[Event "GBR-ch73"]
[Site "Southampton"]
[Date "1986.08.05"]
[Round "8"]
[White "Hawksworth, John C"]
[Black "Rossiter, Philip"]
[Result "1/2-1/2"]
[WhiteElo "2400"]
[BlackElo "2230"]
[PlyCount "126"]
[EventDate "1986.07.28"]
[EventType "swiss"]
[EventRounds "11"]
[EventCountry "GBR"]
[SourceTitle "BritBase"]
[Source "John Saunders"]
[SourceDate "2020.09.07"]
[SourceVersion "1"]
[SourceVersionDate "2020.09.07"]
[SourceQuality "2"]

1. d4 Nf6 2. c4 e6 3. Nf3 d5 4. Nc3 Bb4 5. Bg5 h6 6. Bxf6 Qxf6 7. cxd5 exd5 8.
Qb3 c5 9. dxc5 Nc6 10. e3 d4 11. Nxd4 Nxd4 12. exd4 Bxc3+ 13. Qxc3 O-O 14. Bb5
a6 15. Ba4 b5 16. cxb6 Qe6+ 17. Qe3 Qc4 18. b3 Qb4+ 19. Qd2 Qxb6 20. O-O Rd8
21. Rad1 Bg4 22. f3 Bd7 23. Bxd7 Rxd7 24. Qf2 Rad8 25. d5 Qb5 26. Qc2 Rxd5 27.
Rxd5 Qxd5 28. Re1 Qd4+ 29. Kh1 g6 30. h3 h5 31. Qe4 Qb2 32. f4 Qxa2 33. f5 g5
34. Qf3 Qa5 35. Rf1 Rd5 36. f6 h4 37. Rc1 Qd8 38. Rf1 Qd7 39. Qh5 Rf5 40. Qe2
Qb5 41. Qxb5 Rxb5 42. Ra1 a5 43. Rd1 Kh7 44. Rd6 Kg6 45. Ra6 Kf5 46. Kg1 Kf4
47. Kf2 Rf5 48. Rc6 Ke4+ 49. Ke2 Rb5 50. Rc7 Kf4 51. Rxf7 Kf5 52. Rf8 Kg6 53.
Kf2 Rxb3 54. Ra8 Ra3 55. Ra6 a4 56. Ke2 Ra1 57. Kf3 Ra2 58. Rb6 a3 59. Ra6 Kf7
60. g3 hxg3 61. Kxg3 Ra1 62. Kg2 a2 63. Kh2 Kg6 1/2-1/2

[Event "GBR-ch73"]
[Site "Southampton"]
[Date "1986.08.05"]
[Round "8"]
[White "Hebden, Mark L"]
[Black "Hennigan, Michael"]
[Result "1/2-1/2"]
[WhiteElo "2440"]
[BlackElo "2225"]
[PlyCount "137"]
[EventDate "1986.07.28"]
[EventType "swiss"]
[EventRounds "11"]
[EventCountry "GBR"]
[SourceTitle "BritBase"]
[Source "John Saunders"]
[SourceDate "2020.09.07"]
[SourceVersion "1"]
[SourceVersionDate "2020.09.07"]
[SourceQuality "2"]

1. e4 Nf6 2. e5 Nd5 3. d4 d6 4. Nf3 g6 5. Bc4 Nb6 6. Bb3 Bg7 7. Ng5 d5 8. c3 f6
9. exf6 exf6 10. Qe2+ Qe7 11. Qxe7+ Kxe7 12. Nf3 Kf7 13. O-O Bf8 14. Bf4 Na6
15. Nbd2 Be6 16. Rfe1 Rd8 17. Bc2 Bd6 18. Be3 c6 19. b3 Rhg8 20. Bd3 g5 21. a4
h5 22. b4 Nc4 23. Nxc4 dxc4 24. Bf1 Nc7 25. Nd2 b5 26. axb5 cxb5 27. Rxa7 Ra8
28. Rea1 Rxa7 29. Rxa7 Bd5 30. g3 Ra8 31. Rxa8 Nxa8 32. Nb1 Ke6 33. Na3 Nc7 34.
h3 g4 35. hxg4 hxg4 36. Be2 Kf5 37. Kf1 Bf3 38. Ke1 Bxe2 39. Kxe2 Ke4 40. Bh6
Kf5 41. Bd2 Ke4 42. Be1 f5 43. Nb1 f4 44. Nd2+ Kf5 45. f3 fxg3 46. Ne4 Bf4 47.
Bxg3 Bxg3 48. Nxg3+ Kf4 49. Nh5+ Kg5 50. fxg4 Nd5 51. Kd2 Kxg4 52. Ng7 Nc7 53.
d5 Nxd5 54. Ne6 Kg3 55. Kc2 Kf2 56. Nd4 Nc7 57. Kd2 Kg3 58. Nc2 Kf4 59. Nd4 Kg3
60. Nf5+ Kf4 61. Nd6 Ke5 62. Nf7+ Kf4 63. Nd8 Kf3 64. Nc6 Kf4 65. Nb8 Kf3 66.
Nd7 Kf4 67. Nb8 Kf3 68. Nd7 Kf4 69. Nb8 1/2-1/2

[Event "GBR-ch73"]
[Site "Southampton"]
[Date "1986.08.05"]
[Round "8"]
[White "Kwiatkowski, Feliks J"]
[Black "Quillan, Gary"]
[Result "1/2-1/2"]
[WhiteElo "2250"]
[BlackElo "2010"]
[PlyCount "55"]
[EventDate "1986.07.28"]
[EventType "swiss"]
[EventRounds "11"]
[EventCountry "GBR"]
[SourceTitle "BritBase"]
[Source "John Saunders"]
[SourceDate "2020.09.07"]
[SourceVersion "1"]
[SourceVersionDate "2020.09.07"]
[SourceQuality "2"]

1. e4 e6 2. d4 d5 3. Nc3 Bb4 4. e5 c5 5. a3 Bxc3+ 6. bxc3 Ne7 7. Qg4 Qc7 8.
Qxg7 Rg8 9. Qxh7 cxd4 10. Ne2 Nbc6 11. f4 Bd7 12. Qd3 dxc3 13. Rb1 O-O-O 14.
Qxc3 Nf5 15. Rg1 d4 16. Qc5 b6 17. Qc4 Kb8 18. g4 Nh4 19. Rb3 Qb7 20. Bd2 Ne7
21. Nxd4 Nef5 22. Ne2 Nh6 23. Rh3 Nf3+ 24. Rxf3 Qxf3 25. Bg2 Qxa3 26. Qe4 Qa1+
27. Nc1 Bc8 28. Qa8+ 1/2-1/2

[Event "GBR-ch73"]
[Site "Southampton"]
[Date "1986.08.05"]
[Round "8"]
[White "Martin, Andrew D"]
[Black "Carr, Neil L"]
[Result "0-1"]
[WhiteElo "2370"]
[BlackElo "2305"]
[PlyCount "56"]
[EventDate "1986.07.28"]
[EventType "swiss"]
[EventRounds "11"]
[EventCountry "GBR"]
[SourceTitle "BritBase"]
[Source "John Saunders"]
[SourceDate "2020.09.07"]
[SourceVersion "1"]
[SourceVersionDate "2020.09.07"]
[SourceQuality "2"]

1. e4 g6 2. d4 Bg7 3. Nf3 d6 4. Nc3 Nf6 5. Bg5 O-O 6. Qd2 c6 7. Bd3 Qc7 8.
O-O-O e5 9. h3 Re8 10. Bh6 b5 11. Bxg7 Kxg7 12. dxe5 dxe5 13. Ne2 a6 14. g4 c5
15. Ng3 Nc6 16. c3 Be6 17. Qg5 h6 18. Qh4 c4 19. Bb1 b4 20. Ne2 Rab8 21. g5
hxg5 22. Qxg5 Qa5 23. Rd2 Red8 24. Rxd8 Rxd8 25. Nh4 Rd3 26. Bxd3 cxd3 27. Ng3
bxc3 28. Ngf5+ Kg8 0-1

[Event "GBR-ch73"]
[Site "Southampton"]
[Date "1986.08.05"]
[Round "8"]
[White "Norwood, David"]
[Black "McDonald, Neil R"]
[Result "0-1"]
[WhiteElo "2415"]
[BlackElo "2495"]
[PlyCount "100"]
[EventDate "1986.07.28"]
[EventType "swiss"]
[EventRounds "11"]
[EventCountry "GBR"]
[SourceTitle "BritBase"]
[Source "John Saunders"]
[SourceDate "2020.09.07"]
[SourceVersion "1"]
[SourceVersionDate "2020.09.07"]
[SourceQuality "2"]

1. g3 Nf6 2. Bg2 g6 3. e4 d6 4. Nc3 Bg7 5. d3 c5 6. Nge2 Nc6 7. O-O O-O 8. h3
Bd7 9. Be3 b5 10. Qd2 b4 11. Nd1 a5 12. f4 a4 13. a3 Qa5 14. c3 bxc3 15. bxc3
Rab8 16. d4 cxd4 17. cxd4 Qxd2 18. Bxd2 Nxd4 19. Nxd4 Nxe4 20. Be3 Nxg3 21. Re1
Nf5 22. Nxf5 Bxf5 23. Ra2 Be6 24. Rc2 Rb3 25. Bc1 Bd4+ 26. Kh2 Bc5 27. Nc3 Rc8
28. Ne2 Bg1+ 29. Kxg1 Rxc2 30. Nd4 Ra2 31. Nxb3 axb3 32. Be4 b2 33. Be3 Ra1 34.
Kf2 Rxe1 35. Kxe1 Bf5 36. Bd4 Bxe4 37. Bxb2 Bg2 38. h4 Bc6 39. Kd2 f6 40. Ke3
Kf7 41. Kf2 Ke6 42. Kg3 Kf5 43. Bc3 e5 44. Bd2 d5 45. Be3 d4 46. Bc1 Ke4 47.
fxe5 fxe5 48. Kf2 Kd3 49. Ke1 e4 50. Bb2 e3 0-1

[Event "GBR-ch73"]
[Site "Southampton"]
[Date "1986.08.05"]
[Round "8"]
[White "Plaskett, H James"]
[Black "King, Daniel J"]
[Result "0-1"]
[WhiteElo "2450"]
[BlackElo "2455"]
[PlyCount "76"]
[EventDate "1986.07.28"]
[EventType "swiss"]
[EventRounds "11"]
[EventCountry "GBR"]
[SourceTitle "BritBase"]
[Source "John Saunders"]
[SourceDate "2020.09.07"]
[SourceVersion "1"]
[SourceVersionDate "2020.09.07"]
[SourceQuality "2"]

1. Nf3 c5 2. c4 b6 3. Nc3 Bb7 4. d4 cxd4 5. Nxd4 Nf6 6. Bg5 a6 7. Bxf6 gxf6 8.
e3 e6 9. Qh5 Nc6 10. Be2 Qc7 11. O-O-O Qe5 12. Qh4 Be7 13. Kb1 h5 14. f4 Qc7
15. Qf2 h4 16. Rhe1 Rc8 17. Rc1 Na5 18. Ka1 Qb8 19. Qf1 Bb4 20. Bd3 Rg8 21. e4
Kf8 22. Red1 Nc6 23. Nc2 Na5 24. Nd4 Nc6 25. Nxc6 Bxc6 26. Qf2 Rh8 27. Rf1 Bc5
28. Qd2 Kg7 29. Ne2 Qa8 30. Nc3 Qb8 31. f5 Qxh2 32. Rf4 Bd6 33. Rg4+ Kf8 34.
Ne2 h3 35. fxe6 dxe6 36. gxh3 Ke7 37. Rf1 Rxh3 38. Nd4 Qxd2 0-1

[Event "GBR-ch73"]
[Site "Southampton"]
[Date "1986.08.05"]
[Round "8"]
[White "Ravikumar, Vaidyanathan"]
[Black "Nicholson, John G"]
[Result "0-1"]
[WhiteElo "2345"]
[BlackElo "2295"]
[PlyCount "49"]
[EventDate "1986.07.28"]
[EventType "swiss"]
[EventRounds "11"]
[EventCountry "GBR"]
[SourceTitle "BritBase"]
[Source "John Saunders"]
[SourceDate "2020.09.07"]
[SourceVersion "1"]
[SourceVersionDate "2020.09.07"]
[SourceQuality "2"]

1. Nf3 c5 2. g3 b6 3. Bg2 Bb7 4. O-O Nf6 5. d3 e6 6. e4 d5 7. Nbd2 Nc6 8. Re1
Be7 9. a3 Qc7 10. Nf1 dxe4 11. dxe4 Rd8 12. Qe2 e5 13. Bg5 Nd4 14. Nxd4 cxd4
15. f4 O-O 16. fxe5 Qxe5 17. Bf4 Qe6 18. Nd2 Bc5 19. Kh1 Ng4 20. Nb3 Rfe8 21.
Rad1 d3 22. Nxc5 dxe2 23. Rxd8 bxc5 24. Rxe8+ Qxe8 25. Rxe2 0-1

[Event "GBR-ch73"]
[Site "Southampton"]
[Date "1986.08.05"]
[Round "8"]
[White "Ravisekhar, Raja"]
[Black "Giulian, Philip Maurice"]
[Result "1-0"]
[WhiteElo "2395"]
[BlackElo "2225"]
[PlyCount "59"]
[EventDate "1986.07.28"]
[EventType "swiss"]
[EventRounds "11"]
[EventCountry "GBR"]
[SourceTitle "BritBase"]
[Source "John Saunders"]
[SourceDate "2020.09.07"]
[SourceVersion "1"]
[SourceVersionDate "2020.09.07"]
[SourceQuality "2"]

1. d4 Nf6 2. c4 g6 3. Nc3 d5 4. Bg5 Ne4 5. Bh4 Nxc3 6. bxc3 dxc4 7. e3 Be6 8.
Rb1 b6 9. Nf3 Bg7 10. Nd2 O-O 11. Nxc4 c5 12. Be2 cxd4 13. cxd4 Bd5 14. O-O Nc6
15. Qd2 Re8 16. Rfd1 Qd7 17. Rbc1 Rac8 18. Bg3 Qb7 19. Bf1 f5 20. Qb2 Kh8 21.
a4 Bf6 22. Qb5 Red8 23. Nd6 exd6 24. Qxd5 Be7 25. Bb5 Na5 26. Qxb7 Nxb7 27. Ba6
Rxc1 28. Rxc1 Na5 29. Rc7 Bf8 30. Rxa7 1-0

[Event "GBR-ch73"]
[Site "Southampton"]
[Date "1986.08.05"]
[Round "8"]
[White "Teichmann, Erik OMC"]
[Black "Le Blancq, Simon"]
[Result "1/2-1/2"]
[WhiteElo "2310"]
[BlackElo "2270"]
[PlyCount "69"]
[EventDate "1986.07.28"]
[EventType "swiss"]
[EventRounds "11"]
[EventCountry "GBR"]
[SourceTitle "BritBase"]
[Source "John Saunders"]
[SourceDate "2020.09.07"]
[SourceVersion "1"]
[SourceVersionDate "2020.09.07"]
[SourceQuality "2"]

1. b4 e5 2. Bb2 Bxb4 3. Bxe5 Nf6 4. c4 O-O 5. e3 d5 6. cxd5 Nbd7 7. Bb2 Nc5 8.
Nf3 Bf5 9. Be2 Nxd5 10. O-O Bd3 11. Ne5 Bxe2 12. Qxe2 Na4 13. Ba3 Bxa3 14. Nxa3
Qe7 15. Nec4 a6 16. Nc2 b5 17. Na5 c5 18. Qf3 Qc7 19. Qxd5 Qxa5 20. d4 Rfd8 21.
Qf5 g6 22. Qf6 cxd4 23. Nxd4 Re8 24. h4 Qd8 25. Qxd8 Rexd8 26. Rac1 Kf8 27. Rc7
b4 28. Nc6 Rdc8 29. Rxc8+ Rxc8 30. Nxb4 a5 31. Nd5 Rc2 32. Ra1 Nc5 33. f3 a4
34. h5 gxh5 35. Kh2 1/2-1/2

[Event "GBR-ch73"]
[Site "Southampton"]
[Date "1986.08.05"]
[Round "8"]
[White "Thomas, Ian L"]
[Black "Anagnostopoulos, Dimitri"]
[Result "1-0"]
[WhiteElo "2350"]
[BlackElo "2255"]
[PlyCount "73"]
[EventDate "1986.07.28"]
[EventType "swiss"]
[EventRounds "11"]
[EventCountry "GBR"]
[SourceTitle "BritBase"]
[Source "John Saunders"]
[SourceDate "2020.09.07"]
[SourceVersion "1"]
[SourceVersionDate "2020.09.07"]
[SourceQuality "2"]

1. e4 d6 2. d4 Nf6 3. Nc3 g6 4. Bf4 Bg7 5. Qd2 O-O 6. Nf3 Nc6 7. O-O-O Bg4 8.
d5 Nb8 9. Bh6 c6 10. Bxg7 Kxg7 11. Qf4 Nbd7 12. Be2 cxd5 13. exd5 Rc8 14. Rd4
a6 15. h3 Bxf3 16. Bxf3 Qa5 17. Bg4 Rc7 18. Bxd7 Nxd7 19. h4 Nf6 20. h5 Rfc8
21. hxg6 fxg6 22. Qh6+ Kg8 23. Rg4 e5 24. Rxg6+ hxg6 25. Qxg6+ Rg7 26. Qxf6 Qc7
27. Qe6+ Rf7 28. Rh3 b5 29. a3 Rd8 30. Ne4 Qe7 31. Qh6 Rg7 32. Qh8+ Kf7 33.
Rf3+ Kg6 34. Rg3+ Kf5 35. Nxd6+ Qxd6 36. Qxg7 Ke4 37. Qg4+ 1-0

[Event "GBR-ch73"]
[Site "Southampton"]
[Date "1986.08.05"]
[Round "8"]
[White "Walker, David"]
[Black "Bowden, Karl"]
[Result "0-1"]
[WhiteElo "2255"]
[BlackElo "2340"]
[PlyCount "60"]
[EventDate "1986.07.28"]
[EventType "swiss"]
[EventRounds "11"]
[EventCountry "GBR"]
[SourceTitle "BritBase"]
[Source "John Saunders"]
[SourceDate "2020.09.07"]
[SourceVersion "1"]
[SourceVersionDate "2020.09.07"]
[SourceQuality "2"]

1. e4 e6 2. d4 d5 3. Nd2 c5 4. exd5 Qxd5 5. Ngf3 cxd4 6. Bc4 Qd6 7. O-O Nc6 8.
Nb3 Nf6 9. Nbxd4 Nxd4 10. Nxd4 Bd7 11. b3 O-O-O 12. Bb2 Qc7 13. Qf3 a6 14. h3
h5 15. Rfe1 h4 16. Rad1 Bc5 17. Rd3 e5 18. Ne6 Bxe6 19. Bxe5 Rxd3 20. Bxe6+
fxe6 21. cxd3 Bd6 22. Bxf6 gxf6 23. Qxf6 Rf8 24. Qxh4 Kb8 25. Qc4 Qb6 26. Qc2
Rxf2 27. Qxf2 Bc5 28. Qxc5 Qxc5+ 29. Kh1 Qf5 30. Re4 Kc7 0-1

[Event "GBR-ch73"]
[Site "Southampton"]
[Date "1986.08.06"]
[Round "9"]
[White "Allen, Keith"]
[Black "Ravisekhar, Raja"]
[Result "1/2-1/2"]
[WhiteElo "2225"]
[BlackElo "2395"]
[PlyCount "128"]
[EventDate "1986.07.28"]
[EventType "swiss"]
[EventRounds "11"]
[EventCountry "GBR"]
[SourceTitle "BritBase"]
[Source "John Saunders"]
[SourceDate "2020.09.07"]
[SourceVersion "1"]
[SourceVersionDate "2020.09.07"]
[SourceQuality "2"]

1. d4 Nf6 2. c4 d6 3. Nc3 Nbd7 4. Nf3 e5 5. e3 Be7 6. Be2 O-O 7. O-O Re8 8. Qc2
c6 9. Rd1 Qc7 10. b4 b6 11. a4 a5 12. b5 c5 13. dxe5 dxe5 14. Bb2 Bb7 15. e4
Rad8 16. g3 Bd6 17. Nd5 Bxd5 18. cxd5 g6 19. Nd2 Bf8 20. Nc4 Bg7 21. Bf3 h5 22.
Bc3 Nh7 23. Bg2 Bh6 24. Rf1 f6 25. h4 Ndf8 26. Rad1 Rd7 27. Qa2 Kh8 28. Bh3
Rdd8 29. Qb2 Bg7 30. Bg2 Rb8 31. f4 Nd7 32. d6 Qd8 33. Rd5 Kg8 34. fxe5 fxe5
35. Nxe5 Bxe5 36. Rxe5 Nxe5 37. Bxe5 Qd7 38. Kh2 g5 39. Qb3+ Qe6 40. Qxe6+ Rxe6
41. Bc3 Rxd6 42. Be5 Rbd8 43. Bxd6 Rxd6 44. e5 Rd2 45. hxg5 Kg7 46. Kg1 Re2 47.
Rd1 Nxg5 48. Rd6 c4 49. Rc6 c3 50. Rxc3 Rxe5 51. Rc6 Re6 52. Bd5 Rf6 53. Kg2
Kg6 54. Bc4 Kf5 55. Be2 Rxc6 56. bxc6 Ke6 57. Bxh5 Kd6 58. c7 Kxc7 59. g4 b5
60. axb5 a4 61. Bg6 a3 62. Bb1 Kb6 63. Ba2 Kxb5 64. Kg3 Kb4 1/2-1/2

[Event "GBR-ch73"]
[Site "Southampton"]
[Date "1986.08.06"]
[Round "9"]
[White "Botterill, George Steven"]
[Black "Hodgson, Julian M"]
[Result "0-1"]
[WhiteElo "2395"]
[BlackElo "2500"]
[PlyCount "73"]
[EventDate "1986.07.28"]
[EventType "swiss"]
[EventRounds "11"]
[EventCountry "GBR"]
[SourceTitle "BritBase"]
[Source "John Saunders"]
[SourceDate "2020.09.07"]
[SourceVersion "1"]
[SourceVersionDate "2020.09.07"]
[SourceQuality "2"]

1. d4 Nf6 2. c4 c5 3. d5 e6 4. Nc3 exd5 5. cxd5 Bd6 6. Nf3 O-O 7. g3 Bc7 8. Bg2
d6 9. O-O a6 10. a4 Re8 11. b3 Nbd7 12. h3 Rb8 13. Qd3 Nf8 14. Rd1 Ng6 15. Bb2
Bd7 16. e3 Qc8 17. Kh2 Bf5 18. Qe2 h5 19. Nh4 Nxh4 20. gxh4 Bg6 21. Qf3 Qf5 22.
Qxf5 Bxf5 23. Rg1 g6 24. Ne2 Bd8 25. Rac1 Ne4 26. Bxe4 Bxe4 27. Nf4 Bxh4 28.
Nxh5 Bxd5 29. Rg4 Bd8 30. Nf6+ Bxf6 31. Bxf6 Re6 32. Ba1 Bxb3 33. h4 Kf8 34.
Kg3 b5 35. a5 Ke7 36. Rf4 b4 37. Bb2 0-1

[Event "GBR-ch73"]
[Site "Southampton"]
[Date "1986.08.06"]
[Round "9"]
[White "Bowden, Karl"]
[Black "Hebden, Mark L"]
[Result "1/2-1/2"]
[WhiteElo "2340"]
[BlackElo "2440"]
[PlyCount "57"]
[EventDate "1986.07.28"]
[EventType "swiss"]
[EventRounds "11"]
[EventCountry "GBR"]
[SourceTitle "BritBase"]
[Source "John Saunders"]
[SourceDate "2020.09.07"]
[SourceVersion "1"]
[SourceVersionDate "2020.09.07"]
[SourceQuality "2"]

1. d4 Nf6 2. Nf3 g6 3. b3 Bg7 4. Bb2 O-O 5. g3 c5 6. Bg2 cxd4 7. O-O d5 8. Nxd4
e5 9. Nf3 e4 10. Nd4 Re8 11. e3 Ng4 12. c4 dxc4 13. Nd2 cxb3 14. Nxe4 bxa2 15.
Rxa2 Ne5 16. Qa1 Nc4 17. Bc3 Nd7 18. Nb5 Nde5 19. Rxa7 Rxa7 20. Qxa7 Bg4 21.
Nd4 Qc8 22. Bb4 Bh3 23. Bxh3 Qxh3 24. Qxb7 h6 25. Nd6 Ng4 26. Qg2 Qxg2+ 27.
Kxg2 Nxd6 28. Bxd6 Rxe3 29. Rd1 1/2-1/2

[Event "GBR-ch73"]
[Site "Southampton"]
[Date "1986.08.06"]
[Round "9"]
[White "Carr, Neil L"]
[Black "Condie, Mark L"]
[Result "0-1"]
[WhiteElo "2305"]
[BlackElo "2410"]
[PlyCount "57"]
[EventDate "1986.07.28"]
[EventType "swiss"]
[EventRounds "11"]
[EventCountry "GBR"]
[SourceTitle "BritBase"]
[Source "John Saunders"]
[SourceDate "2020.09.07"]
[SourceVersion "1"]
[SourceVersionDate "2020.09.07"]
[SourceQuality "2"]

1. e4 e5 2. Bc4 Nf6 3. d3 Nc6 4. Nc3 Bb4 5. Bg5 h6 6. Bxf6 Bxc3+ 7. bxc3 Qxf6
8. a3 d6 9. Ne2 Be6 10. Bb5 O-O 11. O-O Ne7 12. c4 c6 13. Ba4 d5 14. cxd5 cxd5
15. Ng3 Rad8 16. Rb1 b6 17. Bb3 Ng6 18. exd5 Bxd5 19. Bxd5 Rxd5 20. Qg4 Rd4 21.
Qf5 Qc6 22. Rb4 Rxb4 23. axb4 Qxc2 24. Qd7 a5 25. bxa5 bxa5 26. d4 Qd3 27. d5
Nf4 28. Nf5 Rb8 29. h3 0-1

[Event "GBR-ch73"]
[Site "Southampton"]
[Date "1986.08.06"]
[Round "9"]
[White "Emms, John"]
[Black "Chin, Francis"]
[Result "1/2-1/2"]
[WhiteElo "2305"]
[BlackElo "2075"]
[PlyCount "115"]
[EventDate "1986.07.28"]
[EventType "swiss"]
[EventRounds "11"]
[EventCountry "GBR"]
[SourceTitle "BritBase"]
[Source "John Saunders"]
[SourceDate "2020.09.07"]
[SourceVersion "1"]
[SourceVersionDate "2020.09.07"]
[SourceQuality "2"]

1. e4 e6 2. d4 d5 3. Nd2 c5 4. Ngf3 Nc6 5. exd5 exd5 6. Bb5 Bd6 7. O-O Nge7 8.
dxc5 Bxc5 9. Nb3 Bd6 10. Nbd4 O-O 11. c3 Bg4 12. Qa4 Bh5 13. Be2 a6 14. Be3
Nxd4 15. Nxd4 Bxe2 16. Nxe2 Nf5 17. Bf4 Qh4 18. g3 Qg4 19. Qd1 Rad8 20. Nd4 Qg6
21. Bxd6 Rxd6 22. Re1 Nxd4 23. Qxd4 Qc2 24. Qb4 Rf6 25. Rf1 b6 26. Rae1 g6 27.
Qe7 Kg7 28. Re2 Qa4 29. Qe5 Qc6 30. Rd1 Rd8 31. Red2 Re8 32. Qxd5 Qxd5 33. Rxd5
Re2 34. f4 Rxb2 35. R5d2 Rxd2 36. Rxd2 Rc6 37. Rc2 Rc4 38. Kf2 Kf6 39. Ke3 b5
40. Kd3 h5 41. Re2 Ra4 42. Rf2 h4 43. g4 g5 44. fxg5+ Kxg5 45. Rxf7 Kxg4 46.
Rf2 Kh3 47. Re2 Rg4 48. Re6 Ra4 49. Re2 Kg4 50. Rf2 Rf4 51. Ke3 Rc4 52. Kd3 Rf4
53. Ke3 Rxf2 54. Kxf2 Kf4 55. Kg2 Kg4 56. Kf2 Kf4 57. Kg2 Kg4 58. Kf2 1/2-1/2

[Event "GBR-ch73"]
[Site "Southampton"]
[Date "1986.08.06"]
[Round "9"]
[White "Giulian, Philip Maurice"]
[Black "Teichmann, Erik OMC"]
[Result "0-1"]
[WhiteElo "2225"]
[BlackElo "2310"]
[PlyCount "56"]
[EventDate "1986.07.28"]
[EventType "swiss"]
[EventRounds "11"]
[EventCountry "GBR"]
[SourceTitle "BritBase"]
[Source "John Saunders"]
[SourceDate "2020.09.07"]
[SourceVersion "1"]
[SourceVersionDate "2020.09.07"]
[SourceQuality "2"]

1. d4 Nc6 2. c4 e5 3. d5 Nce7 4. Nc3 Ng6 5. e4 Bc5 6. Nf3 d6 7. Na4 Bb4+ 8. Bd2
Bxd2+ 9. Qxd2 Nf6 10. Qc2 O-O 11. h4 Nh5 12. Be2 Ngf4 13. g3 Nxe2 14. Qxe2 f5
15. exf5 Bxf5 16. Ng5 Qd7 17. Nc3 Bg4 18. Qc2 e4 19. O-O Rae8 20. Rfe1 Qf5 21.
Rac1 h6 22. Ngxe4 Bf3 23. Re3 Qh3 24. Rxf3 Rxf3 25. Qe2 Ref8 26. Nb5 Qg4 27.
Nd4 Nf4 28. Qc2 Nh3+ 0-1

[Event "GBR-ch73"]
[Site "Southampton"]
[Date "1986.08.06"]
[Round "9"]
[White "Hennigan, Michael"]
[Black "Norwood, David"]
[Result "0-1"]
[WhiteElo "2225"]
[BlackElo "2415"]
[PlyCount "116"]
[EventDate "1986.07.28"]
[EventType "swiss"]
[EventRounds "11"]
[EventCountry "GBR"]
[SourceTitle "BritBase"]
[Source "John Saunders"]
[SourceDate "2020.09.07"]
[SourceVersion "1"]
[SourceVersionDate "2020.09.07"]
[SourceQuality "2"]

1. e4 g6 2. Nc3 Bg7 3. f4 d6 4. Nf3 Nf6 5. g3 O-O 6. Bg2 c5 7. O-O Nc6 8. d3
Rb8 9. h3 b5 10. g4 b4 11. Ne2 Qb6 12. f5 Bb7 13. fxg6 hxg6 14. Be3 Nh7 15. h4
Bxb2 16. Rb1 Bg7 17. h5 Bc8 18. Nf4 Bxg4 19. hxg6 fxg6 20. Nxg6 Rf6 21. Nf4 Qa5
22. Qe1 Qxa2 23. Qg3 Bxf3 24. Bxf3 Ne5 25. Ra1 Nxf3+ 26. Qxf3 Qf7 27. Qg2 Kh8
28. Nd5 Bh6 29. Rxf6 Bxe3+ 30. Nxe3 Qxf6 31. Rf1 Rg8 32. Rxf6 Nxf6 33. Qxg8+
Kxg8 34. Nc4 Kf7 35. Kf2 Ng4+ 36. Ke2 Ne5 37. Na5 Ke6 38. Kd2 Kd7 39. c3 Nc6
40. Nc4 a5 41. cxb4 axb4 42. Nb6+ Ke6 43. Nd5 Nd4 44. Nc7+ Ke5 45. Nd5 e6 46.
Ne3 d5 47. exd5 exd5 48. Ng2 c4 49. dxc4 dxc4 50. Ne3 Nb3+ 51. Kc2 Kd4 52. Nf5+
Ke4 53. Ng3+ Kf4 54. Nh5+ Ke5 55. Ng3 Nd4+ 56. Kd2 c3+ 57. Kc1 b3 58. Kb1 Nc2
0-1

[Event "GBR-ch73"]
[Site "Southampton"]
[Date "1986.08.06"]
[Round "9"]
[White "Kosten, Anthony C"]
[Black "Bell, Stephen"]
[Result "0-1"]
[WhiteElo "2455"]
[BlackElo "2360"]
[PlyCount "96"]
[EventDate "1986.07.28"]
[EventType "swiss"]
[EventRounds "11"]
[EventCountry "GBR"]
[SourceTitle "BritBase"]
[Source "John Saunders"]
[SourceDate "2020.09.07"]
[SourceVersion "1"]
[SourceVersionDate "2020.09.07"]
[SourceQuality "2"]

1. e4 g6 2. d4 Bg7 3. Nf3 d6 4. Bc4 e6 5. Bb3 Ne7 6. c3 b6 7. Nbd2 Bb7 8. O-O
O-O 9. Re1 c5 10. Nf1 Nbc6 11. Ng3 e5 12. Be3 Na5 13. Bc2 exd4 14. cxd4 Nc4 15.
Bc1 cxd4 16. Nxd4 d5 17. e5 Nxe5 18. Bg5 f6 19. Ne6 Qd6 20. Nxf8 fxg5 21. Ne4
Qc6 22. Nxh7 Kxh7 23. Nxg5+ Kg8 24. f4 Nf7 25. Nxf7 Kxf7 26. Rc1 Rc8 27. Qe2
Bd4+ 28. Kh1 Qf6 29. b3 Bc3 30. Rf1 Nf5 31. Qb5 Qe6 32. Qd3 d4 33. Qh3 Kg7 34.
Bd3 Re8 35. Rc2 Qd5 36. Re2 Rxe2 37. Bxe2 Ne3 38. Rf2 Qf5 39. Qh4 Qf6 40. Qxf6+
Kxf6 41. Bd3 Bc8 42. h3 Bf5 43. Bxf5 Kxf5 44. g4+ Ke4 45. f5 gxf5 46. g5 d3 47.
g6 f4 48. h4 Nf5 0-1

[Event "GBR-ch73"]
[Site "Southampton"]
[Date "1986.08.06"]
[Round "9"]
[White "Lawson, David"]
[Black "Dunnington, Angus J"]
[Result "0-1"]
[WhiteElo "2200"]
[BlackElo "2280"]
[PlyCount "68"]
[EventDate "1986.07.28"]
[EventType "swiss"]
[EventRounds "11"]
[EventCountry "GBR"]
[SourceTitle "BritBase"]
[Source "John Saunders"]
[SourceDate "2020.09.07"]
[SourceVersion "1"]
[SourceVersionDate "2020.09.07"]
[SourceQuality "2"]

1. e4 d5 2. exd5 Nf6 3. c4 c6 4. d4 cxd5 5. Nc3 Nc6 6. Bg5 Be6 7. Qd2 Qa5 8. c5
O-O-O 9. f3 Bf5 10. Bb5 e5 11. Bxc6 bxc6 12. dxe5 h6 13. Bh4 g5 14. exf6 gxh4
15. Qf4 Be6 16. b4 Qa3 17. Qd4 Bf5 18. Nge2 a5 19. O-O Qxb4 20. Na4 Bc2 21.
Qxb4 axb4 22. a3 b3 23. Nd4 b2 24. Nxc2 bxa1=Q 25. Rxa1 Kc7 26. Rb1 Ra8 27. Rb4
h3 28. Nd4 hxg2 29. Kxg2 Rg8+ 30. Kf1 Rg6 31. Nb6 Ra5 32. Nb3 Rxa3 33. Nd4 Ra1+
34. Ke2 Bxc5 0-1

[Event "GBR-ch73"]
[Site "Southampton"]
[Date "1986.08.06"]
[Round "9"]
[White "Le Blancq, Simon"]
[Black "Depasquale, Chris"]
[Result "1/2-1/2"]
[WhiteElo "2270"]
[BlackElo "2305"]
[PlyCount "53"]
[EventDate "1986.07.28"]
[EventType "swiss"]
[EventRounds "11"]
[EventCountry "GBR"]
[SourceTitle "BritBase"]
[Source "John Saunders"]
[SourceDate "2020.09.07"]
[SourceVersion "1"]
[SourceVersionDate "2020.09.07"]
[SourceQuality "2"]

1. d4 Nf6 2. Nf3 e6 3. c4 c5 4. e3 cxd4 5. exd4 Bb4+ 6. Nc3 O-O 7. Bd3 b6 8.
O-O Bb7 9. Bg5 h6 10. Bh4 Be7 11. Rc1 Nh5 12. Bxe7 Qxe7 13. Re1 Nf4 14. Bf1 Qf6
15. d5 Na6 16. g3 Ng6 17. Bg2 Rfc8 18. Ne4 Qe7 19. d6 Qf8 20. Nd4 Rab8 21. Nb5
f5 22. Nd2 Bxg2 23. Kxg2 Ra8 24. Qf3 Qf6 25. Qc3 Qg5 26. Kh1 Nc5 27. f4 1/2-1/2